<?xml version="1.0" encoding="UTF-8"?><?xml-stylesheet type="text/xsl" href="static/style.xsl"?><OAI-PMH xmlns="http://www.openarchives.org/OAI/2.0/" xmlns:xsi="http://www.w3.org/2001/XMLSchema-instance" xsi:schemaLocation="http://www.openarchives.org/OAI/2.0/ http://www.openarchives.org/OAI/2.0/OAI-PMH.xsd"><responseDate>2026-04-17T01:04:32Z</responseDate><request verb="GetRecord" identifier="oai:www.recercat.cat:2445/228594" metadataPrefix="marc">https://recercat.cat/oai/request</request><GetRecord><record><header><identifier>oai:recercat.cat:2445/228594</identifier><datestamp>2026-04-08T13:43:46Z</datestamp><setSpec>com_2072_1057</setSpec><setSpec>col_2072_478826</setSpec><setSpec>col_2072_478917</setSpec></header><metadata><record xmlns="http://www.loc.gov/MARC21/slim" xmlns:dcterms="http://purl.org/dc/terms/" xmlns:xsi="http://www.w3.org/2001/XMLSchema-instance" xmlns:doc="http://www.lyncode.com/xoai" xsi:schemaLocation="http://www.loc.gov/MARC21/slim http://www.loc.gov/standards/marcxml/schema/MARC21slim.xsd">
   <leader>00925njm 22002777a 4500</leader>
   <datafield ind2=" " ind1=" " tag="042">
      <subfield code="a">dc</subfield>
   </datafield>
   <datafield ind2=" " ind1=" " tag="720">
      <subfield code="a">Gil Alonso, Fernando</subfield>
      <subfield code="e">author</subfield>
   </datafield>
   <datafield ind2=" " ind1=" " tag="720">
      <subfield code="a">Sanz López-Menchero, Laia</subfield>
      <subfield code="e">author</subfield>
   </datafield>
   <datafield ind2=" " ind1=" " tag="720">
      <subfield code="a">Pujadas, Isabel, 1949-</subfield>
      <subfield code="e">author</subfield>
   </datafield>
   <datafield ind2=" " ind1=" " tag="260">
      <subfield code="c">2026-03-30T12:36:18Z</subfield>
   </datafield>
   <datafield ind2=" " ind1=" " tag="260">
      <subfield code="c">2026-03-30T12:36:18Z</subfield>
   </datafield>
   <datafield ind2=" " ind1=" " tag="260">
      <subfield code="c">2023</subfield>
   </datafield>
   <datafield ind2=" " ind1=" " tag="260">
      <subfield code="c">2026-03-30T12:36:19Z</subfield>
   </datafield>
   <datafield ind2=" " ind1=" " tag="520">
      <subfield code="a">[spa] El artículo pretende contribuir a una mejor planificación futura de los recursos asistencialesy de cuidados para un grupo con potencial vulnerabilidad, las personas mayores, medianteel análisis de la evolución (1998-2021) de sus pautas de localización espacial en las dosmayores áreas urbanas de España. Los datos de stock para municipios y distritos delPadrón continuo (INE), muestran que es una población creciente, pero está reduciendo suselevados niveles de segregación (mayores en Madrid que en Barcelona). Si en 1998 habíamayor concentración de la población mayor en las dos grandes ciudades y estructuras másjóvenes en las periferias suburbanas, estos patrones de localización están cambiando porel envejecimiento de las generaciones del baby boom, protagonistas del gran crecimientode la población de los municipios periféricos. Este creciente volumen y extensión geográficade la población mayor en ambas metrópolis, plantea un reto político mayúsculo: la provisiónde apoyo y cuidados.</subfield>
   </datafield>
   <datafield ind2=" " ind1=" " tag="520">
      <subfield code="a">[eng] The article analyses spatial location pattern changes of elderly people –a potentially vulnerable group within a context of growing ageing– in Spain’s two largest urban areas between 1998-2021. Municipality and district stock data (Padrón continuo, INE) show that this population group is growing and, at the same time, reducing its high segregation levels (higher in Madrid than in Barcelona) because of suburbanisation. In 1998, elderly people spatially concentrated in the two metropolitan cores, while younger age groups were mainly found in the suburban peripheries. However, these patterns are changing as baby boomers, who played a leading role in peripheral municipality population growth, are becoming older.
This growing volume of elderly population, occupying an increasingly larger area in both metropolises, poses a major policy challenge: the provision of support and care for them. The paper intends to be a contribution to this future planning issue.</subfield>
   </datafield>
   <datafield tag="653" ind2=" " ind1=" ">
      <subfield code="a">Envelliment de la població</subfield>
   </datafield>
   <datafield tag="653" ind2=" " ind1=" ">
      <subfield code="a">Àrees metropolitanes</subfield>
   </datafield>
   <datafield tag="653" ind2=" " ind1=" ">
      <subfield code="a">Madrid (Madrid)</subfield>
   </datafield>
   <datafield tag="653" ind2=" " ind1=" ">
      <subfield code="a">Barcelona (Catalunya)</subfield>
   </datafield>
   <datafield tag="653" ind2=" " ind1=" ">
      <subfield code="a">Population aging</subfield>
   </datafield>
   <datafield tag="653" ind2=" " ind1=" ">
      <subfield code="a">Metropolitan areas</subfield>
   </datafield>
   <datafield tag="653" ind2=" " ind1=" ">
      <subfield code="a">Madrid (Madrid)</subfield>
   </datafield>
   <datafield tag="653" ind2=" " ind1=" ">
      <subfield code="a">Barcelona (Catalonia)</subfield>
   </datafield>
   <datafield ind2="0" ind1="0" tag="245">
      <subfield code="a">La cambiante localización de la población mayor en las áreas metropolitanas de Barcelona y Madrid. Análisis comparativo de tendencias espaciales</subfield>
   </datafield>
   <datafield ind2="0" ind1="0" tag="245">
      <subfield code="a">The changing spatial distribution of the elderly population in the metropolitan areas of Barcelona and Madrid. Comparative analysis of spatial trends</subfield>
   </datafield>
</record></metadata></record></GetRecord></OAI-PMH>